| 000 | 00627nam a2200193 i 4500 | ||
|---|---|---|---|
| 001 | 83721 | ||
| 003 | ES-MaACL | ||
| 005 | 20240511063025.0 | ||
| 007 | t| | ||
| 008 | 041118s1904 sp |||| |dspa d | ||
| 100 | 1 |
_aIsern y Marco, Damián, _d1852-1914 _965561 |
|
| 245 | 1 | 0 |
_aOrtí y Lara y su época _b: estudio sociológico-necrológico / _cpor Damián Isern y Marcó. |
| 250 | _a2ª ed. | ||
| 260 |
_aMadrid : _b[s.n., _c1904] ( _fAsilo de Huérfanos del S.C. de Jesús) |
||
| 300 |
_a168 p. ; _c18 cm. |
||
| 600 | 1 | 4 |
_aOrtí y Lara, Juan Manuel. _987534 |
| 852 |
_aES-MaACL _jD-2551 |
||
| 999 |
_c83721 _d83721 |
||